Statystyki dla Kadra Manchesteru United 2024

Kliknij tutaj aby rozwiązać quiz!

Ogólne statystyki

  • Ten quiz został rozwiązany 56 razy
  • Średni wynik to 20 z 29

Statystyki odpowiedzi

PozycjaZawodnik% Poprawnych
BramkarzAndre Onana
94%
Lewy napastnikMarcus Rashford
92%
Lewy obrońcaLuke Shaw
90%
TrenerTen Hag
90%
Środkowy obrońcaHarry Maguire
88%
Lewy napastnikAlejandro Garnacho
86%
Środkowy pomocnikBruno Fernandes
86%
Środkowy napastnikRasmus Hojlund
86%
Środkowy pomocnikCasemiro
84%
Prawy napastnikAntony
82%
Prawy obrońcaWan Bissaka
82%
Prawy obrońcaDiogo Dalot
80%
Środkowy obrońcaRaphael Varane
80%
Środkowy obrońcaLisandro Martinez
76%
Środkowy pomocnikScott McTominay
74%
Środkowy napastnikAnthony Martial
72%
Środkowy pomocnikChristian Eriksen
72%
Środkowy pomocnikKobbie Mainoo
72%
Lewy obrońcaTyrell Malacia
70%
Środkowy obrońcaVictor Lindelof
68%
Środkowy obrońcaJonny Evans
64%
BramkarzTom Heaton
60%
Prawy napastnikAmad Diallo
54%
Środkowy pomocnikSofyan Amrabat
52%
Środkowy pomocnikMason Mount
48%
Środkowy obrońcaWilly Kambwala
48%
BramkarzAltay Bayindir
44%
Środkowy napastnikOmari Forson
28%
Środkowy pomocnikShola Shoretire
4%

Rozkład punktacji

Percentyl według liczby udzielonych odpowiedzi

Procent ludzi z każdym wynikiem

Twoja historia wyników

Nie rozwiązałeś tego quizu